Largest U.S. Cities Beginning With E - 1950 - Statistics

General Stats
  • This quiz has been taken 64 times
  • The average score is 11 of 20
Answer Stats
Pop. State Hint Answer % Correct
130,803 Pennsylvania Port city on Lake Erie Erie
96%
130,485 Texas Westernmost city in Texas El Paso
94%
35,879 Oregon University of Oregon Eugene
85%
36,058 Wisconsin French for "Clear Water" Eau Claire
81%
82,295 Illinois Aptly named suburb east of St. Louis East St. Louis
77%
128,636 Indiana Ohio River Evansville
73%
112,817 New Jersey NYC suburb Elizabeth
67%
45.982 Massachusetts Boston suburb Everett
58%
33,849 Washington 25 miles north of Seattle Everett
58%
36,017 Oklahoma Northern Oklahoma Enid
56%
40,047 Ohio Suburb... east of Cleveland East Cleveland
52%
44,223 Illinois Chicago suburb Elgin
48%
35,646 Indiana Northern Indiana Elkhart
48%
54,263 Indiana Eastern Chicago suburb East Chicago
42%
35,632 Pennsylvania East of Allentown Easton
42%
30,307 Ohio Seat of Lorain County Elyria
42%
49,716 New York Home of Mark Twain Elmira
38%
41,396 Ohio Cleveland Suburb Euclid
27%
24,217 Ohio Columbiana County East Liverpool
10%
23,145 New Jersey NYC suburb Englewood
10%
No matching quizzes found
Score Distribution
Percent of People with Each Score
Percentile by Number Answered
Your Score History
You have not taken this quiz